00314nam a2200133 a 450000100080000000500110000800800410001910000120006024500460007226000240011830000110014265300100015365300170016310319222004-07-23 2004 bl uuuu u0uu1 u #d1 aEPAGRI. aCurso profissionalizante de piscicultura. aFlorianopolisc2004 cFolder aPeixe aPiscicultura